| 000 | 01366nam a22003737a 4500 | ||
|---|---|---|---|
| 003 | CHAP | ||
| 005 | 20220817042234.0 | ||
| 008 | 971013s1985 r 00010 d | ||
| 010 | _a38395 | ||
| 011 | _a39367 | ||
| 035 | _a43487 | ||
| 040 | _cCHAP | ||
| 082 |
_a634.94 _bP45 |
||
| 100 | 0 | 0 |
_aPenka, Miroslav. _986687 |
| 245 | _aFoodplain forest ecosystem | ||
| 260 |
_aAmsterdan : _bElsevier, _c1985-19 . |
||
| 300 |
_a2 v. _b: gráfs. |
||
| 490 |
_aDevelopments in agricultural and managed-forest ecology _v; 15 |
||
| 500 | _aTrad. del checoslovaco de la ed. original de 1985 | ||
| 505 | _aContenido: v.1 Before water management measures.- v.2 After water management measures | ||
| 590 |
_aBATCH-UPD _b10 _c20130110 _lUCH01 _h1631 |
||
| 590 |
_aBATCH-UPD _b10 _c20130410 _lUCH01 _h1024 |
||
| 590 |
_aBATCH-UPD _b10 _c20130914 _lUCH01 _h1251 |
||
| 590 |
_aCONVERSION _b10 _c20130109 _lUCH01 _h1321 |
||
| 650 | 1 | 4 |
_aEcología forestal. _935176 |
| 650 | 1 | 4 | _aInundaciones. |
| 650 | 1 | 4 |
_aSuelos de aluvión. _9110541 |
| 650 | 1 | 4 |
_aSuelos forestales. _9110548 |
| 830 | 0 |
_aDevelopments in agricultural and managed - forest ecology _v; 15 |
|
| 901 | _aBK | ||
| 942 | _cLIBRO | ||
| 949 |
_a634.94 P45 _bBC _cLIBRO _d33724000248829 _eLIBRO _fv.1 _gI.136162 _h70813 _i43487 _mDir. _si |
||
| 949 |
_a634.94 P45 _bBC _cLIBRO _d33724000248837 _eLIBRO _fv.2 _gI.164859 _h82171 _i43487 _si |
||
| 999 |
_c38395 _d38395 |
||